THE REMEDIAL ENG-GRAMMAR FOR FOREIGN STUDENTS (Record no. 8862)
[ view plain ]
| 000 -LEADER | |
|---|---|
| fixed length control field | 00328nam a22001097a 4500 |
| 082 ## - DEWEY DECIMAL CLASSIFICATION NUMBER | |
| Classification number | 425 |
| Item number | WOO/R |
| 100 ## - MAIN ENTRY--AUTHOR NAME | |
| Personal name | WOOD, F T |
| 245 ## - TITLE STATEMENT | |
| Title | THE REMEDIAL ENG-GRAMMAR FOR FOREIGN STUDENTS |
| 246 ## - VARYING FORM OF TITLE | |
| Title proper/short title | THE REMEDIAL ENG-GRAMMAR FOR FOREIGN STUDENTS |
| Remainder of title | THE REMEDIAL ENG-GRAMMAR FOR FOREIGN STUDENTS |
| 650 ## - SUBJECT ADDED ENTRY--TOPICAL TERM | |
| Topical Term | ENGLISH GRAMMAR |
| 942 ## - ADDED ENTRY ELEMENTS (KOHA) | |
| Koha item type | Books |
| Withdrawn status | Lost status | Collection code | Home library | Current library | Date acquired | Full call number | Accession Number | Koha item type |
|---|---|---|---|---|---|---|---|---|
| Lost | Reference | Main Library | Main Library | 07/08/2024 | 425 WOO/R | 00845 | Books |